[Event "XIV American Continental"]
[Site "Sao Paulo BRA"]
[Date "2019.07.07"]
[Round "3.39"]
[White "Tsuboi, Edson Kenji"]
[Black "Ermel, Francisco Roberto"]
[Result "1/2-1/2"]
[WhiteElo "2233"]
[BlackElo "2064"]
[EventDate "2019.07.05"]
[PlyCount "109"]
[EventRounds "11"]
[EventCountry "BRA"]

1.e4 c5 2.Nf3 d6 3.d4 cxd4 4.Nxd4 Nf6 5.Nc3 a6 6.Be3 e5 7.Nf3 Be7 8.Bc4 
O-O 9.Bb3 Be6 10.Qe2 Qc7 11.Ng5 Bxb3 12.axb3 h6 13.Nf3 Nc6 14.O-O Nb4 15.
Ra4 d5 16.exd5 b5 17.Raa1 Nbxd5 18.Nxd5 Nxd5 19.c3 Rfe8 20.Rfd1 Nxe3 21.
Qxe3 Bc5 22.Qe4 Qb6 23.Rd2 Rad8 24.b4 Bd6 25.Rad1 Bb8 26.Rxd8 Rxd8 27.
Rxd8+ Qxd8 28.g3 Qd6 29.Ne1 g6 30.Nd3 Kg7 31.Kg2 Bc7 32.g4 Kf6 33.h4 Bd8 
34.Nc5 Bb6 35.Qf3+ Kg7 36.Ne4 Qe6 37.g5 hxg5 38.hxg5 Qf5 39.Qxf5 gxf5 40.
Nc5 Kg6 41.Nxa6 Kxg5 42.b3 Kf6 43.c4 bxc4 44.bxc4 Ke6 45.c5 Bd8 46.b5 Kd5 
47.Kf3 Ba5 48.b6 Kc6 49.Nb8+ Kb7 50.Nd7 Bc3 51.Ke2 Bd4 52.f4 exf4 53.Kf3 
Be3 54.Ne5 f6 55.Nd3 1/2-1/2

[Event "XIV American Continental"]
[Site "Sao Paulo BRA"]
[Date "2019.07.07"]
[Round "3.40"]
[White "Moreira, Ronaldo Alonso"]
[Black "Cherniack, Alex"]
[Result "1/2-1/2"]
[WhiteElo "2058"]
[BlackElo "2231"]
[EventDate "2019.07.05"]
[PlyCount "47"]
[EventRounds "11"]
[EventCountry "BRA"]

1.d4 Nf6 2.c4 e6 3.Nc3 Bb4 4.e3 O-O 5.Ne2 Re8 6.a3 Bf8 7.Nf4 d6 8.Bd3 Nbd7
9.O-O a5 10.Nfe2 e5 11.Bc2 c6 12.d5 Nc5 13.Rb1 cxd5 14.cxd5 Bd7 15.b4 axb4
16.axb4 Na6 17.e4 Nh5 18.Be3 b5 19.Bd3 Qb8 20.Qb3 Be7 21.Ra1 Bd8 22.Ra3 
Bb6 23.Bxb6 Qxb6 24.Rfa1 1/2-1/2

[Event "XIV American Continental"]
[Site "Sao Paulo BRA"]
[Date "2019.07.07"]
[Round "3.41"]
[White "Jodorcovsky Werjivker, Paulo"]
[Black "Markzon, Gregory"]
[Result "0-1"]
[WhiteElo "2228"]
[BlackElo "2059"]
[EventDate "2019.07.05"]
[PlyCount "29"]
[EventRounds "11"]
[EventCountry "BRA"]

1.d4 Nf6 2.c4 g6 3.Nc3 Bg7 4.Nf3 O-O 5.Bf4 c5 6.d5 e6 7.Bd6 Re8 8.dxe6 
Rxe6 9.Bxc5 Qc7 10.Ba3 a6 11.Nd4 Re8 12.e3 Nc6 13.Be2 Nxd4 14.exd4 Qxc4 
15.O-O 0-1

[Event "XIV American Continental"]
[Site "Sao Paulo BRA"]
[Date "2019.07.07"]
[Round "3.42"]
[White "Torella, Rodolfo"]
[Black "Gasic Merino, Franco"]
[Result "0-1"]
[WhiteElo "2047"]
[BlackElo "2226"]
[EventDate "2019.07.05"]
[PlyCount "84"]
[EventRounds "11"]
[EventCountry "BRA"]

1.e4 d5 2.exd5 Nf6 3.d4 Bg4 4.Be2 Bxe2 5.Qxe2 Qxd5 6.Nf3 e6 7.O-O Nc6 8.
Be3 O-O-O 9.c4 Qh5 10.Nc3 Rg8 11.Ng5 Qg6 12.Nf3 Ne4 13.Nxe4 Qxe4 14.Rfd1 
Qf5 15.a3 Qh5 16.b4 g5 17.h3 Bd6 18.b5 g4 19.Ng5 Nxd4 20.Rxd4 Bh2+ 21.Kh1 
Rxd4 22.Bxd4 Rxg5 23.Bxa7 Be5 24.Rd1 gxh3 25.Qxh5 hxg2+ 26.Kg1 Rxh5 27.
Kxg2 b6 28.c5 Kb7 29.cxb6 cxb6 30.Rd7+ Bc7 31.a4 Rc5 32.Rxf7 Kxa7 33.Rxh7 
Kb7 34.Rh4 e5 35.Kf3 Rd5 36.Rc4 Rd4 37.Rxd4 exd4 38.Ke4 Be5 39.f4 Bh8 40.
Kd3 Kc7 41.f5 Kd6 42.Kc4 Bf6 0-1

[Event "XIV American Continental"]
[Site "Sao Paulo BRA"]
[Date "2019.07.07"]
[Round "3.43"]
[White "Pereira, Silvio Cunha"]
[Black "Santos Filho, Tadeu Sousa"]
[Result "1-0"]
[WhiteElo "2220"]
[BlackElo "2057"]
[EventDate "2019.07.05"]
[PlyCount "31"]
[EventRounds "11"]
[EventCountry "BRA"]

1.e4 c6 2.Nc3 d5 3.Nf3 Nf6 4.e5 Ne4 5.Be2 Qb6 6.O-O Nxc3 7.dxc3 Bg4 8.Ng5 
Bxe2 9.Qxe2 e6 10.Qh5 g6 11.Qf3 Qc7 12.Qf6 Rg8 13.Nxe6 Qd7 14.Nxf8 Rxf8 
15.Bh6 Rg8 16.e6 1-0

[Event "XIV American Continental"]
[Site "Sao Paulo BRA"]
[Date "2019.07.07"]
[Round "3.44"]
[White "Urquiza, Marcello de Albuquerque"]
[Black "Sega, Carlos Alberto"]
[Result "1-0"]
[WhiteElo "2043"]
[BlackElo "2220"]
[EventDate "2019.07.05"]
[PlyCount "109"]
[EventRounds "11"]
[EventCountry "BRA"]

1.e4 e5 2.Nf3 Nc6 3.d4 exd4 4.Nxd4 Nf6 5.Nc3 Bb4 6.Nxc6 bxc6 7.Bd3 d5 8.
exd5 cxd5 9.O-O O-O 10.h3 a5 11.Qf3 Ba6 12.Bg5 Bxd3 13.cxd3 Bxc3 14.bxc3 
Ra6 15.Rab1 h6 16.Be3 Qd6 17.Qf4 Qxf4 18.Bxf4 c5 19.Rb7 Rc8 20.c4 dxc4 21.
dxc4 Re6 22.Be3 Ne4 23.Rc1 Nd6 24.Ra7 Nf5 25.Rc3 Nd4 26.Kf1 Nc6 27.Ra6 Rb8
28.Rb3 Rb4 29.Rxb4 cxb4 30.Ra8+ Kh7 31.Ke2 f5 32.Kd3 Re4 33.f4 g5 34.g3 
gxf4 35.gxf4 Re7 36.c5 b3 37.axb3 Nb4+ 38.Kd2 Nd5 39.Bd4 Nxf4 40.Rxa5 Rd7 
41.Ke3 Nd5+ 42.Kd3 Nb4+ 43.Kc3 Nc6 44.Ra4 Rd5 45.Bf2 Ne5 46.Ra6 Rd3+ 47.
Kc2 Rxh3 48.Bd4 Nf3 49.Bc3 Ng5 50.c6 Rh2+ 51.Kd3 Ne4 52.Bd4 Rd2+ 53.Ke3 
Rc2 54.b4 Nd6 55.Bc5 1-0

[Event "XIV American Continental"]
[Site "Sao Paulo BRA"]
[Date "2019.07.07"]
[Round "3.45"]
[White "Fernandez, Maria Florencia"]
[Black "Lage, Pedro Ferreira"]
[Result "1-0"]
[WhiteElo "2220"]
[BlackElo "2050"]
[EventDate "2019.07.05"]
[PlyCount "89"]
[EventRounds "11"]
[EventCountry "BRA"]

1.d4 d5 2.c4 c6 3.Nf3 Nf6 4.Qc2 dxc4 5.Qxc4 Bf5 6.g3 e6 7.Bg2 Nbd7 8.O-O 
Be7 9.Nbd2 h6 10.Re1 Ne4 11.Qb3 Qb6 12.Qe3 Nd6 13.Ne5 Nxe5 14.Qxe5 O-O 15.
e4 f6 16.Qf4 Bg6 17.Nb3 Nc4 18.Qg4 Kh7 19.Qxe6 Qb4 20.Re2 Rfe8 21.Qh3 Rad8
22.Bf3 a5 23.Be3 a4 24.Nc1 Nxb2 25.Rb1 a3 26.Nd3 Qc4 27.Nxb2 Qxa2 28.Qf1 
axb2 29.Rexb2 Qe6 30.Qg2 b5 31.h4 Bf8 32.d5 cxd5 33.exd5 Qe5 34.Bf4 Qc3 
35.Rb3 Qc4 36.R1b2 Re1+ 37.Kh2 b4 38.Bd2 Bc2 39.Bxe1 Bxb3 40.Be4+ Kh8 41.
Qf3 Bd1 42.Qf5 Kg8 43.Qh7+ Kf7 44.Bg6+ Ke7 45.Bxb4+ 1-0

[Event "XIV American Continental"]
[Site "Sao Paulo BRA"]
[Date "2019.07.07"]
[Round "3.46"]
[White "Terao, Juliana Sayumi"]
[Black "De Arruda Filho, Nivaldo Jesus"]
[Result "1-0"]
[WhiteElo "2213"]
[BlackElo "2045"]
[EventDate "2019.07.05"]
[PlyCount "63"]
[EventRounds "11"]
[EventCountry "BRA"]

1.e4 g6 2.d4 Bg7 3.Nf3 d6 4.h3 a6 5.a4 Nc6 6.Nc3 e5 7.Be3 Nge7 8.Bc4 O-O 
9.O-O exd4 10.Nxd4 Ne5 11.Ba2 N7c6 12.Nde2 Nb4 13.Bb3 Be6 14.Nd5 Nxd5 15.
exd5 Bc8 16.Nd4 c5 17.dxc6 bxc6 18.f4 c5 19.fxe5 cxd4 20.Bxd4 dxe5 21.Bc5 
Bf5 22.Bxf8 Qb6+ 23.Kh1 Rxf8 24.a5 Qb4 25.Qe2 e4 26.Qxa6 Qd2 27.Rad1 Qe3 
28.Qd6 Re8 29.Qc7 Rf8 30.Rd8 Rxd8 31.Qxd8+ Bf8 32.Qc7 1-0

[Event "XIV American Continental"]
[Site "Sao Paulo BRA"]
[Date "2019.07.07"]
[Round "3.47"]
[White "Albuquerque Junior, Wellington S."]
[Black "Ferreira, Kleber Victor"]
[Result "1-0"]
[WhiteElo "2204"]
[BlackElo "2038"]
[EventDate "2019.07.05"]
[PlyCount "53"]
[EventRounds "11"]
[EventCountry "BRA"]

1.e4 e6 2.Qe2 Nc6 3.Nf3 e5 4.g3 d6 5.Bg2 Bg4 6.c3 Qd7 7.h3 Bh5 8.O-O Be7 
9.Rd1 Bf6 10.Na3 h6 11.Nc2 Nge7 12.d4 Rd8 13.g4 Bg6 14.dxe5 Bxe5 15.Nxe5 
Nxe5 16.f4 N5c6 17.Nd4 Nxd4 18.cxd4 f6 19.Be3 O-O 20.f5 Be8 21.e5 d5 22.
Rac1 Rc8 23.Bf4 c6 24.Re1 fxe5 25.dxe5 Ng6 26.Bg3 Nh8 27.e6 1-0

[Event "XIV American Continental"]
[Site "Sao Paulo BRA"]
[Date "2019.07.07"]
[Round "3.48"]
[White "Do Nascimento, Christian Almeida"]
[Black "Gauche, Charles"]
[Result "0-1"]
[WhiteElo "2033"]
[BlackElo "2200"]
[EventDate "2019.07.05"]
[PlyCount "120"]
[EventRounds "11"]
[EventCountry "BRA"]

1.d4 Nf6 2.Bg5 d5 3.Bxf6 gxf6 4.e3 e6 5.Nf3 c5 6.Nc3 Nc6 7.g3 Qb6 8.a3 Bd7
9.Rb1 cxd4 10.exd4 Rc8 11.Bg2 Bg7 12.O-O O-O 13.Re1 Na5 14.Ne2 Bh6 15.Nf4 
Bxf4 16.gxf4 Qd6 17.Qc1 f5 18.Kh1 f6 19.Rg1 Kh8 20.Bf1 Be8 21.Bd3 Bh5 22.
Rg3 Rg8 23.Nh4 Rg4 24.Rxg4 Bxg4 25.Qe3 Nc4 26.Qg3 Rg8 27.Rg1 Qd8 28.f3 Bh5
29.Qxg8+ Qxg8 30.Rxg8+ Kxg8 31.Bxc4 dxc4 32.Kg2 Kf7 33.d5 exd5 34.Nxf5 Bg6
35.Nd4 Ke7 36.c3 Kd6 37.Nb5+ Kc5 38.Nd4 b5 39.Kf2 Kb6 40.Ke3 Kc5 41.f5 Bh5
42.Ne6+ Kd6 43.Nf4 d4+ 44.cxd4 Bf7 45.Ne2 a5 46.Nc3 b4 47.axb4 axb4 48.
Ne4+ Ke7 49.h4 Bd5 50.h5 h6 51.Ng3 Bf7 52.Ke4 Kd6 53.d5 Bxd5+ 54.Kd4 c3 
55.bxc3 bxc3 56.Kxc3 Ke5 57.Kd3 Bxf3 58.Ke3 Bg4 59.Kf2 Kf4 60.Kg2 Kg5 0-1

[Event "XIV American Continental"]
[Site "Sao Paulo BRA"]
[Date "2019.07.07"]
[Round "3.49"]
[White "Labussiere, Victor"]
[Black "Freitas Capiberibe, Andre Antoni"]
[Result "1-0"]
[WhiteElo "2194"]
[BlackElo "2024"]
[EventDate "2019.07.05"]
[PlyCount "79"]
[EventRounds "11"]
[EventCountry "BRA"]

1.e4 c5 2.Nf3 Nc6 3.Bb5 g6 4.O-O Bg7 5.Re1 e5 6.a4 Nge7 7.Nc3 O-O 8.d3 d6 
9.Bc4 Nd4 10.Nxd4 cxd4 11.Nd5 Nxd5 12.Bxd5 Qe7 13.c3 dxc3 14.bxc3 Be6 15.
Qb3 Bxd5 16.Qxd5 Rfc8 17.Bd2 Rc5 18.Qb3 Rac8 19.a5 Qc7 20.c4 Rb8 21.Rab1 
Bf6 22.Qa2 Rc6 23.Rb5 Bd8 24.Reb1 Rc5 25.R5b3 Rc6 26.Qb2 Ra6 27.h3 h5 28.
Rb5 Qc6 29.f4 exf4 30.Bxf4 Kh7 31.Bh6 f6 32.Bd2 b6 33.Bc3 Rb7 34.Bxf6 Bxf6
35.Qxf6 Rxa5 36.e5 Rxb5 37.Rxb5 a6 38.Rd5 b5 39.Rxd6 Qe8 40.Rd8 1-0

[Event "XIV American Continental"]
[Site "Sao Paulo BRA"]
[Date "2019.07.07"]
[Round "3.50"]
[White "De Souza, Cristiano Gomes"]
[Black "Abrantes, Tiago Garrido"]
[Result "0-1"]
[WhiteElo "2000"]
[BlackElo "2177"]
[EventDate "2019.07.05"]
[PlyCount "42"]
[EventRounds "11"]
[EventCountry "BRA"]

1.d4 Nf6 2.c4 g6 3.Nc3 d5 4.Bf4 Bg7 5.e3 O-O 6.Nf3 c5 7.dxc5 Ne4 8.Rc1 Qa5
9.cxd5 Nd7 10.Be2 Nxc3 11.bxc3 Bxc3+ 12.Nd2 Nxc5 13.f3 Bd7 14.Qc2 Rac8 15.
e4 Bb5 16.O-O Bd4+ 17.Kh1 Bxe2 18.Nb3 Nxb3 19.Qxc8 Nxc1 20.Qxc1 Bxf1 21.
Qxf1 Qxa2 0-1

[Event "XIV American Continental"]
[Site "Sao Paulo BRA"]
[Date "2019.07.07"]
[Round "3.51"]
[White "Aguilar, Luis Miguel"]
[Black "Acosta, Pablo Alejandro"]
[Result "1-0"]
[WhiteElo "2175"]
[BlackElo "1992"]
[EventDate "2019.07.05"]
[PlyCount "121"]
[EventRounds "11"]
[EventCountry "BRA"]

1.g3 e5 2.Bg2 d5 3.c4 c6 4.cxd5 cxd5 5.d4 e4 6.Nc3 Nf6 7.Bg5 Bb4 8.e3 
Bxc3+ 9.bxc3 Nbd7 10.Ne2 O-O 11.O-O Re8 12.Qb3 h6 13.Bxf6 Nxf6 14.c4 dxc4 
15.Qxc4 Be6 16.Qb4 Qd7 17.Rfb1 Rab8 18.Nf4 Nd5 19.Nxd5 Bxd5 20.a4 Rbc8 21.
Rc1 Rc7 22.Qa5 Rec8 23.Rxc7 Rxc7 24.Qxa7 Qc8 25.Bf1 Rc2 26.Qa5 Qf5 27.Qe1 
Bc6 28.a5 Kh7 29.Rc1 Rxc1 30.Qxc1 Qxa5 31.Bc4 Bd5 32.Bxd5 Qxd5 33.Kf1 Kg6 
34.Ke1 Qa5+ 35.Qd2 Qa1+ 36.Ke2 Qa6+ 37.Kd1 Qc4 38.d5 Kf5 39.Ke1 Qa4 40.Qc3
Kg6 41.d6 f6 42.h4 h5 43.Qc7 Qa1+ 44.Ke2 Qa6+ 45.Ke1 Qa1+ 46.Ke2 Qa6+ 47.
Kd2 Qa2+ 48.Kc3 Qb1 49.Kd4 Qd3+ 50.Kc5 Qa3+ 51.Kd5 Qd3+ 52.Ke6 Qb3+ 53.Kd7
b5 54.Qb7 Qc4 55.Qc6 Qf7+ 56.Kc8 Qe8+ 57.Kb7 Qe6 58.d7 Qe7 59.Kc8 b4 60.
d8=Q Qa7 61.Qxe4+ 1-0

[Event "XIV American Continental"]
[Site "Sao Paulo BRA"]
[Date "2019.07.07"]
[Round "3.52"]
[White "Montero Martinez, Cristhian"]
[Black "Alboredo, Julia"]
[Result "0-1"]
[WhiteElo "1991"]
[BlackElo "2175"]
[EventDate "2019.07.05"]
[PlyCount "102"]
[EventRounds "11"]
[EventCountry "BRA"]

1.e4 c5 2.Nf3 d6 3.d4 cxd4 4.Nxd4 Nf6 5.Nc3 g6 6.f3 Nc6 7.Be3 h5 8.Qd2 
Nxd4 9.Bxd4 Bh6 10.Be3 Bxe3 11.Qxe3 O-O 12.Bc4 Kg7 13.O-O-O Qc7 14.Bb3 Be6
15.Nd5 Bxd5 16.exd5 b5 17.Rhe1 Rfe8 18.Kb1 Rac8 19.c3 Qc5 20.Rd4 Rc7 21.g4
a5 22.a3 hxg4 23.fxg4 Rb7 24.h4 b4 25.cxb4 axb4 26.a4 Qc8 27.Qf4 Nd7 28.
Rxb4 Rxb4 29.Qxb4 Ne5 30.Bd1 Qa8 31.Qd4 Qa5 32.Re4 Rc8 33.Bb3 Qc7 34.h5 
Qc1+ 35.Ka2 Qf1 36.Rxe5 dxe5 37.Qxe5+ Qf6 38.Qxf6+ Kxf6 39.Ka3 gxh5 40.
gxh5 Ke5 41.a5 f5 42.a6 f4 43.Bd1 Ra8 44.Be2 f3 45.Bf1 Kxd5 46.Ka4 Kc6 47.
Ka5 Rh8 48.b4 Rxh5+ 49.b5+ Kc7 50.Bd3 f2 51.Bf1 Rf5 0-1

[Event "XIV American Continental"]
[Site "Sao Paulo BRA"]
[Date "2019.07.07"]
[Round "3.53"]
[White "Fiaes, Mario Henrique Andrade"]
[Black "Nascimento, Pedro Henrique Alves"]
[Result "0-1"]
[WhiteElo "2173"]
[BlackElo "1992"]
[EventDate "2019.07.05"]
[PlyCount "62"]
[EventRounds "11"]
[EventCountry "BRA"]

1.d4 d5 2.c4 e6 3.Nf3 Nf6 4.Nc3 Be7 5.Bf4 dxc4 6.Qa4+ c6 7.Qxc4 Nd5 8.Bd2 
b5 9.Qb3 O-O 10.g3 Nd7 11.Bg2 a6 12.O-O Bb7 13.Rfd1 c5 14.dxc5 Nxc5 15.Qc2
Qc8 16.Rac1 Qe8 17.Qb1 f5 18.Ne5 Nxc3 19.Bxc3 Bxg2 20.Kxg2 f4 21.Bd4 Rc8 
22.Kg1 fxg3 23.hxg3 Qh5 24.Rd2 Qh3 25.Rc3 b4 26.Rc4 b3 27.a3 Bg5 28.e3 Nb7
29.Rxc8 Rxc8 30.Bc3 Nc5 31.Bd4 Ne4 0-1

[Event "XIV American Continental"]
[Site "Sao Paulo BRA"]
[Date "2019.07.07"]
[Round "3.54"]
[White "Japiassu, Ricardo de Villa Nova"]
[Black "Bueno, Alfeu Junior Varela"]
[Result "0-1"]
[WhiteElo "1990"]
[BlackElo "2169"]
[EventDate "2019.07.05"]
[PlyCount "64"]
[EventRounds "11"]
[EventCountry "BRA"]

1.c4 f5 2.g3 g6 3.Bg2 Bg7 4.d3 e5 5.Nc3 Nc6 6.Nf3 Nf6 7.O-O O-O 8.Rb1 d6 
9.Nd2 g5 10.b4 f4 11.Nde4 Nxe4 12.Nxe4 Bg4 13.Re1 h6 14.b5 Nd4 15.Bb2 Ne6 
16.Nd2 Nc5 17.Ne4 Ne6 18.Nd2 Rb8 19.Bd5 Qe8 20.f3 Bh3 21.Ne4 Bf5 22.g4 Bg6
23.Kg2 Kh8 24.Bxe6 Qxe6 25.Nc3 c6 26.bxc6 bxc6 27.Qa4 Rxb2 28.Rxb2 e4 29.
d4 exf3+ 30.Kxf3 Qe3+ 31.Kg2 f3+ 32.Kh1 f2 0-1

[Event "XIV American Continental"]
[Site "Sao Paulo BRA"]
[Date "2019.07.07"]
[Round "3.55"]
[White "Bassani, Jaison Jose"]
[Black "Madeira, Wagner Martins"]
[Result "1/2-1/2"]
[WhiteElo "1973"]
[BlackElo "2150"]
[EventDate "2019.07.05"]
[PlyCount "117"]
[EventRounds "11"]
[EventCountry "BRA"]

1.e4 e6 2.d4 d5 3.Nd2 c5 4.c3 Nc6 5.Ngf3 cxd4 6.cxd4 dxe4 7.Nxe4 Nf6 8.Nc3
Be7 9.Bd3 O-O 10.a3 b6 11.O-O Bb7 12.Bc2 Nd5 13.Qd3 g6 14.Bh6 Re8 15.Rfe1 
Rc8 16.Ne5 Nxe5 17.Rxe5 Bd6 18.Ne4 Bxe5 19.dxe5 Qc7 20.Nd6 Red8 21.Rc1 
Rxd6 22.exd6 Qxd6 23.Bb3 Rxc1+ 24.Bxc1 Qe5 25.Bxd5 Bxd5 26.Qe3 Qc7 27.h4 
Qc4 28.Qf4 e5 29.Qxc4 Bxc4 30.Bg5 Kg7 31.f3 f6 32.Bd2 Kf7 33.Kf2 Ke6 34.
Bh6 Bd5 35.Ke3 Bb3 36.Kd3 f5 37.g3 Kd5 38.Ke3 Bd1 39.Bg7 Ke6 40.f4 e4 41.
Kd4 Kd6 42.Ke3 Kd5 43.Be5 Kc4 44.Bb8 a6 45.Bc7 b5 46.Be5 Bg4 47.Kd2 a5 48.
Ke3 Kb3 49.Kd2 Bh5 50.Bd4 a4 51.Be5 Kc4 52.Ke3 Kd5 53.Bc3 Bd1 54.Bg7 Bb3 
55.Bc3 Bc4 56.Bg7 Ke6 57.Bc3 Kf7 58.Bd4 Kg8 59.Bc3 1/2-1/2

[Event "XIV American Continental"]
[Site "Sao Paulo BRA"]
[Date "2019.07.07"]
[Round "3.56"]
[White "Medrano, Mario"]
[Black "Federzoni, Enzo"]
[Result "1/2-1/2"]
[WhiteElo "1960"]
[BlackElo "2140"]
[EventDate "2019.07.05"]
[PlyCount "74"]
[EventRounds "11"]
[EventCountry "BRA"]

1.e4 c5 2.Nc3 e6 3.Nf3 d6 4.Bb5+ Bd7 5.Bxd7+ Qxd7 6.O-O Nf6 7.d4 cxd4 8.
Nxd4 Nc6 9.Be3 Be7 10.Qe2 O-O 11.Rfd1 Rac8 12.Nxc6 Qxc6 13.Bxa7 b6 14.Qb5 
Qxb5 15.Nxb5 Rxc2 16.Nxd6 Ra8 17.Bxb6 Ra6 18.Bd4 Rxd6 19.e5 Rxd4 20.Rxd4 
Nd5 21.b3 g6 22.Rc4 Rb2 23.a4 Rxb3 24.Rc8+ Kg7 25.a5 Bb4 26.Rb8 Rd3 27.a6 
Bc5 28.h3 Rd2 29.a7 Bxf2+ 30.Kh1 Bxa7 31.Rxa7 Rf2 32.Re8 Kh6 33.Kg1 Rf5 
34.g4 Rf4 35.Rf8 Kg7 36.Re8 Kh6 37.Rf8 Kg7 1/2-1/2

[Event "XIV American Continental"]
[Site "Sao Paulo BRA"]
[Date "2019.07.07"]
[Round "3.57"]
[White "Tomiello, Lucas Costamilan"]
[Black "Dos Reis, Leandro Aparecido C."]
[Result "0-1"]
[WhiteElo "2133"]
[BlackElo "1990"]
[EventDate "2019.07.05"]
[PlyCount "128"]
[EventRounds "11"]
[EventCountry "BRA"]

1.e4 c5 2.Nf3 d6 3.d4 cxd4 4.Nxd4 Nf6 5.Nc3 a6 6.Bg5 Nbd7 7.Qd2 Qb6 8.
O-O-O h6 9.Be3 Qc7 10.f3 e6 11.g4 Ne5 12.h4 h5 13.g5 Nfd7 14.f4 Ng4 15.g6 
Ndf6 16.gxf7+ Qxf7 17.f5 g6 18.fxe6 Bxe6 19.Nxe6 Qxe6 20.Bg5 Be7 21.Qd4 
Rc8 22.Bh3 O-O 23.Qd3 Qf7 24.Rdf1 Qg7 25.Rhg1 Ne5 26.Be6+ Kh7 27.Qg3 Rce8 
28.Bf4 Bd8 29.Bxe5 dxe5 30.Bf5 Qh6+ 31.Qg5 gxf5 32.Qxh6+ Kxh6 33.exf5 Rg8 
34.Rh1 Rg4 35.Rd1 Rf4 36.Rd6 Rxf5 37.Ne4 Rf4 38.Ng5 Rd4 39.Rg1 Rxd6 40.
Nf7+ Kh7 41.Nxd6 Rg8 42.Re1 Bb6 43.Rxe5 Bc7 44.Re7+ Rg7 45.Nf7 Bf4+ 46.Kd1
Kg8 47.Rxb7 Rxf7 48.Rb6 Rd7+ 49.Ke2 Rd6 50.Rb8+ Kg7 51.Rb7+ Rd7 52.Rb6 
Re7+ 53.Kd3 a5 54.c4 Re3+ 55.Kd4 Re2 56.c5 Be5+ 57.Kc4 Rc2+ 58.Kb5 Rxb2+ 
59.Ka6 Rxa2 60.Re6 Bg3 61.c6 Kf7 62.Re3 Bd6 63.Rc3 Nd5 64.Rc4 a4 0-1

[Event "XIV American Continental"]
[Site "Sao Paulo BRA"]
[Date "2019.07.07"]
[Round "3.58"]
[White "Freitas, Remulo Aguiar"]
[Black "Okamura, Milton Kasuo"]
[Result "1-0"]
[WhiteElo "2129"]
[BlackElo "1974"]
[EventDate "2019.07.05"]
[PlyCount "61"]
[EventRounds "11"]
[EventCountry "BRA"]

1.d4 d5 2.Nc3 Nf6 3.Bf4 Bf5 4.f3 e6 5.g4 Bg6 6.h4 h5 7.g5 Nfd7 8.Qd2 Be7 
9.e3 O-O 10.Bd3 Bxd3 11.Qxd3 c5 12.Nge2 g6 13.e4 cxd4 14.Qxd4 Nc6 15.Qd2 
d4 16.Nxd4 Nxd4 17.Qxd4 e5 18.Bxe5 Nxe5 19.Qxe5 Bd6 20.Qb5 Bg3+ 21.Kf1 Qd4
22.Qe2 Rad8 23.Rd1 Qb4 24.Nd5 Qxb2 25.Kg2 Bd6 26.Qd3 b6 27.Rd2 Bf4 28.Nf6+
Kg7 29.Qxd8 Rxd8 30.Rxd8 Qxc2+ 31.Kh3 1-0

[Event "XIV American Continental"]
[Site "Sao Paulo BRA"]
[Date "2019.07.07"]
[Round "3.59"]
[White "Bortoloso, Moacir Canella"]
[Black "Gazola, Vanessa Ramos"]
[Result "1/2-1/2"]
[WhiteElo "2120"]
[BlackElo "1954"]
[EventDate "2019.07.05"]
[PlyCount "91"]
[EventRounds "11"]
[EventCountry "BRA"]

1.e4 c5 2.Nf3 Nc6 3.d4 cxd4 4.Nxd4 Nf6 5.Nc3 e5 6.Ndb5 d6 7.Bg5 a6 8.Na3 
b5 9.Bxf6 gxf6 10.Nd5 f5 11.c3 Bg7 12.exf5 Bxf5 13.Nc2 O-O 14.Nce3 Be6 15.
Bd3 f5 16.Bc2 Rb8 17.Qh5 Qd7 18.g4 Bxd5 19.Nxd5 e4 20.Bb3 Kh8 21.Nf4 Qe8 
22.Qxe8 Rbxe8 23.Ne6 Rf6 24.gxf5 Rxf5 25.Rd1 Ne5 26.Nxg7 Kxg7 27.Rg1+ Kh8 
28.Rg2 Nd3+ 29.Kf1 Ref8 30.Rd2 d5 31.Bc2 e3 32.Rxd3 Rxf2+ 33.Rxf2 Rxf2+ 
34.Ke1 Rxc2 35.Rxd5 Rxh2 36.Rd8+ Kg7 37.Rd7+ Kg6 38.Rd6+ Kf5 39.Rxa6 Rxb2 
40.a4 bxa4 41.Rxa4 h5 42.Rd4 Rg2 43.c4 Rg4 44.Rd5+ Ke4 45.Rxh5 Kd3 46.Rd5+
1/2-1/2

[Event "XIV American Continental"]
[Site "Sao Paulo BRA"]
[Date "2019.07.07"]
[Round "3.60"]
[White "Monteiro, Marcos Paulo de Souza"]
[Black "De Borba, Gabriel"]
[Result "1/2-1/2"]
[WhiteElo "1953"]
[BlackElo "2116"]
[EventDate "2019.07.05"]
[PlyCount "84"]
[EventRounds "11"]
[EventCountry "BRA"]

1.d4 Nf6 2.c4 g6 3.Nc3 d5 4.cxd5 Nxd5 5.e4 Nxc3 6.bxc3 Bg7 7.Bc4 O-O 8.Ne2
b6 9.O-O Bb7 10.f3 Nc6 11.Be3 Rc8 12.Qd2 Na5 13.Bd3 c5 14.d5 c4 15.Bc2 Qd7
16.Rad1 Ba8 17.Bd4 Rfd8 18.Bxg7 Kxg7 19.Nd4 Nb7 20.Qg5 f6 21.Qg3 Nc5 22.
Nf5+ Kh8 23.Ne3 b5 24.e5 f5 25.e6 Qc7 26.Qg5 Rf8 27.Rd4 Qe5 28.Ng4 Qg7 29.
Nh6 Rf6 30.Re1 Nb7 31.Nf7+ Kg8 32.d6 Nxd6 33.Nxd6 exd6 34.Rxd6 Rff8 35.Qe3
Rfd8 36.Red1 Rxd6 37.Rxd6 Qc7 38.Rd7 Qb6 39.Qd4 Re8 40.Rg7+ Kf8 41.Rf7+ 
Kg8 42.Rg7+ Kf8 1/2-1/2

[Event "XIV American Continental"]
[Site "Sao Paulo BRA"]
[Date "2019.07.07"]
[Round "3.61"]
[White "Piccoli, Lucas Fonseca"]
[Black "Valim, Luiz Claudio"]
[Result "1-0"]
[WhiteElo "2116"]
[BlackElo "1954"]
[EventDate "2019.07.05"]
[PlyCount "39"]
[EventRounds "11"]
[EventCountry "BRA"]

1.c4 e5 2.Nc3 Nf6 3.Nf3 Nc6 4.e3 d6 5.d4 g6 6.dxe5 Nxe5 7.Nxe5 dxe5 8.
Qxd8+ Kxd8 9.e4 c6 10.Bg5 Be7 11.O-O-O+ Nd7 12.Be3 Kc7 13.Be2 Bc5 14.Rxd7+
Bxd7 15.Bxc5 b6 16.Be3 f6 17.b4 a6 18.Kb2 Be6 19.Rc1 Rhd8 20.Nd5+ 1-0

[Event "XIV American Continental"]
[Site "Sao Paulo BRA"]
[Date "2019.07.07"]
[Round "3.62"]
[White "Da Silva, Jefferson Rian Ferreir"]
[Black "Borges, Wagner da Silva"]
[Result "0-1"]
[WhiteElo "1936"]
[BlackElo "2114"]
[EventDate "2019.07.05"]
[PlyCount "48"]
[EventRounds "11"]
[EventCountry "BRA"]

1.Nf3 Nf6 2.c4 g6 3.Nc3 d5 4.cxd5 Nxd5 5.Qc2 Bg7 6.e4 Nxc3 7.dxc3 O-O 8.
Be3 c6 9.Be2 Nd7 10.O-O Qc7 11.Rfd1 Ne5 12.Nxe5 Bxe5 13.g3 b6 14.Rd2 Bb7 
15.Rad1 Rad8 16.Bd4 c5 17.Be3 Rxd2 18.Rxd2 f5 19.Bc4+ Kh8 20.exf5 Rxf5 21.
Qd1 Bd6 22.Bd5 Rxd5 23.Rxd5 Qc6 24.Qf3 Qxd5 0-1

[Event "XIV American Continental"]
[Site "Sao Paulo BRA"]
[Date "2019.07.07"]
[Round "3.63"]
[White "Tomiello, Mateus Costamilan"]
[Black "Zimmermann, Kleber Renato Pereira"]
[Result "0-1"]
[WhiteElo "2114"]
[BlackElo "1950"]
[EventDate "2019.07.05"]
[PlyCount "95"]
[EventRounds "11"]
[EventCountry "BRA"]

1.e4 c5 2.Nf3 d6 3.d4 cxd4 4.Nxd4 Nf6 5.Nc3 a6 6.Bg5 e6 7.f4 Be7 8.Qf3 h6 
9.Bh4 Qc7 10.Bf2 Nbd7 11.O-O-O b5 12.a3 Bb7 13.Bd3 Rc8 14.Kb1 Nc5 15.f5 e5
16.Nb3 O-O 17.g4 Nxd3 18.cxd3 d5 19.exd5 Qd7 20.Na5 b4 21.axb4 Bxb4 22.
Nxb7 Qxb7 23.Na4 Nxd5 24.Qe4 Qb5 25.b3 Rc3 26.Qc4 Rxc4 27.dxc4 Nc3+ 28.
Nxc3 Qa5 29.Na4 Rb8 30.Rd5 Qc7 31.Rhd1 Bf8 32.Ka2 Qb7 33.Nb6 Re8 34.c5 e4 
35.Be3 Qc6 36.R1d2 Qb5 37.h4 Qa5+ 38.Kb2 Qb5 39.g5 h5 40.g6 fxg6 41.fxg6 
Qc6 42.Rg2 Qf6+ 43.Kc2 Qf3 44.Rgg5 Qxe3 45.Nd7 Qf2+ 46.Kc3 e3 47.Rdf5 Qd2+
48.Kc4 0-1

[Event "XIV American Continental"]
[Site "Sao Paulo BRA"]
[Date "2019.07.07"]
[Round "3.64"]
[White "Januario, Severino Pereira"]
[Black "Bil Ramos, Angelo"]
[Result "0-1"]
[WhiteElo "2112"]
[BlackElo "1937"]
[EventDate "2019.07.05"]
[PlyCount "94"]
[EventRounds "11"]
[EventCountry "BRA"]

1.d4 Nf6 2.c4 g6 3.Nf3 Bg7 4.g3 c6 5.Bg2 d5 6.O-O O-O 7.Qb3 Nbd7 8.Nc3 e6 
9.Rd1 Re8 10.a4 a5 11.h3 Nb6 12.Ne5 Nfd7 13.Nxd7 Nxd7 14.e4 dxc4 15.Qxc4 
Qe7 16.Be3 Nb6 17.Qd3 Qb4 18.Bf1 Nd7 19.Qc2 Nf6 20.Na2 Qe7 21.Bg2 Bd7 22.
Nc3 h6 23.Kh2 Kh7 24.Bf1 e5 25.d5 cxd5 26.exd5 Qb4 27.Nb5 Rec8 28.Qd2 Bf8 
29.Nc3 Ne4 30.Nxe4 Qxe4 31.Bg2 Qc2 32.d6 e4 33.Qd5 Be6 34.Qxe4 Qxe4 35.
Bxe4 Rd8 36.Bc5 Rd7 37.Rd4 Rc8 38.Ba3 Bg7 39.Rd2 Rc4 40.Bc2 Rc6 41.Rad1 
Bf8 42.b4 Rcxd6 43.Bd3 Rd5 44.g4 Bg7 45.Bc1 Bc3 46.Be4 Rxd2 47.Bxd2 Bxd2 
0-1

[Event "XIV American Continental"]
[Site "Sao Paulo BRA"]
[Date "2019.07.07"]
[Round "3.65"]
[White "Soares, Paulo Henrique dos Reis"]
[Black "Maia, Marco Aurelio Ferreira"]
[Result "1/2-1/2"]
[WhiteElo "1922"]
[BlackElo "2108"]
[EventDate "2019.07.05"]
[PlyCount "37"]
[EventRounds "11"]
[EventCountry "BRA"]

1.Nc3 d5 2.e4 c6 3.f4 dxe4 4.Nxe4 Nf6 5.Nxf6+ exf6 6.d4 Bd6 7.Bd3 O-O 8.
Qh5 Re8+ 9.Ne2 g6 10.Qh4 f5 11.Qxd8 Rxd8 12.Kf2 Be6 13.c4 Nd7 14.Bd2 Nf6 
15.Kf3 Ne4 16.Be1 Re8 17.Nc3 Nf6 18.Bh4 Nh5 19.Ne2 1/2-1/2